Szczegóły MARC21

Essays on old, middle, modern English and old Icelandic /

003 -Nazwa inst., której nr kontr. jest w polu 001 [,]
    • @
    • Nazwa instytucji, której n kontrolny jest w polu 001
    • NUKAT
005 -DATA I CZAS OSTATNIEJ MODYFIKACJI [,]
    • @
    • pole kontrolne
    • 20241231095700.0
020 -Międzynarod. znormalizowany nr książki - ISBN [ , ]
    • a
    • Numer ISBN
    • 0773478582 Find
040 -Instytucja sporządzająca opis [ , ]
    • a
    • Instytucja, która sporządziła opis (NP)
    • SZCZ U/KP
    • b
    • Język katalogowania
    • pol
    • e
    • Zasady katalogowania
    • rda
    • c
    • Instytucja, która sporządziła rekord (NP)
    • SZCZ U/KPs
044 -Kraj miejsca wydania [ , ]
    • a
    • Kraj miejsca wydania
    • xxu
    • a
    • Kraj miejsca wydania
    • xxc
    • a
    • Kraj miejsca wydania
    • xxk
942 -Rodzaj dokumentu [ , ]
    • c
    • Rodzaj dokumentu
    • Książka
245 -Strefa tytułu i oznaczenia odpowiedzialności [0,0]
    • a
    • Tytuł
    • Essays on old, middle, modern English and old Icelandic / Find
    • c
    • Pozostałe elementy strefy tytułu i oznaczenia odpowiedzialności (NP)
    • edited by Loren C. Gruber with the assistance of Meredith Crellin Gruber and Gregory K. Jember.
260 -Strefa adresu wydawniczego [ , ]
    • a
    • Miejsce wydania (P)
    • Lewiston ;
    • a
    • Miejsce wydania (P)
    • Queenston ;
    • a
    • Miejsce wydania (P)
    • Lampeter :
    • b
    • Nazwa wydawcy (P)
    • The Edwin Mellen Press,
    • c
    • Data wydania (P)
    • 2000.
300 -Strefa opisu fizycznego [ , ]
    • a
    • Określenie formy książki i/lub objętość (NP)
    • 521 stron ;
    • c
    • Format (NP)
    • 24 cm.
336 -Typ zawartości [ , ]
    • a
    • Termin opisujący typ zawartości
    • Tekst
    • b
    • Kod określający zawartość
    • txt
    • 2
    • Źródło (terminu i kodu)
    • rdacontent
337 -Typ mediów [ , ]
    • a
    • Tryb odtwarzania
    • Bez urządzenia pośredniczącego
    • b
    • Kod typu mediów
    • n
    • 2
    • Źródło (terminu i kodu)
    • rdamedia
338 -Typ/rodzaj nośnika [ , ]
    • a
    • Hasło opisujące typ nośnika
    • Wolumin
    • b
    • Kod typu nośnika
    • nc
    • 2
    • Źródło (terminu i kodu)
    • rdacarrier
504 -Uwaga dot. bibliogr. załącznikowej [ , ]
    • a
    • Uwaga dot. bibliografii załącznikowej
    • Bibliografia publikacji Raymonda P. Trippa, Jr. na stronach 511-521.
080 -Uniwersalna Klasyfikacja Dziesiętna [ , ]
    • a
    • Symbol klasyfikacji
    • 802.0-022(082.1)=20
080 -Uniwersalna Klasyfikacja Dziesiętna [ , ]
    • a
    • Symbol klasyfikacji
    • +802.0-023(082.1)=20
080 -Uniwersalna Klasyfikacja Dziesiętna [ , ]
    • a
    • Symbol klasyfikacji
    • +802.0-024(082.1)=20
080 -Uniwersalna Klasyfikacja Dziesiętna [ , ]
    • a
    • Symbol klasyfikacji
    • :803.0(082.1)=20
600 -Hasło przedmiotowe w formie nazwy osobowej [1,7]
    • a
    • Nazwa osobowa
    • Tripp, Raymond Paul
    • d
    • Daty związane z nazwą
    • (1932-2005)
    • v
    • Określnik formalny
    • księgi pamiątkowe.
    • 2
    • Źródło terminu
    • kaba
    • 9
    • KHW
    • 694272
650 -Hasło przedmiotowe [ ,7]
    • a
    • Hasło przedmiotowe
    • Język angielski (staroangielski).
    • 2
    • Źródło terminu
    • kaba
    • 9
    • KHW
    • 113007
650 -Hasło przedmiotowe [ ,7]
    • a
    • Hasło przedmiotowe
    • Język angielski (średnioangielski).
    • 2
    • Źródło terminu
    • kaba
    • 9
    • KHW
    • 113002
650 -Hasło przedmiotowe [ ,7]
    • a
    • Hasło przedmiotowe
    • Filologia germańska.
    • 2
    • Źródło terminu
    • kaba
    • 9
    • KHW
    • 108660
650 -Hasło przedmiotowe [ ,7]
    • a
    • Hasło przedmiotowe
    • Filologia angielska.
    • 2
    • Źródło terminu
    • kaba
    • 9
    • KHW
    • 108648
650 -Hasło przedmiotowe [ ,7]
    • a
    • Hasło przedmiotowe
    • Język islandzki.
    • 2
    • Źródło terminu
    • kaba
    • 9
    • KHW
    • 113229
980 -Symbol UKD [ , ]
    • a
    • UKD
    • 802.0-022+802.0-023+802.0-024:803.0](082.1)=20
700 -Hasło dodatkowe - nazwa osobowa [1, ]
    • a
    • Nazwa osobowa (NP)
    • Gruber, Loren C. Find
    • e
    • Określenie rodzaju współpracy
    • Redakcja
    • 9
    • KHW
    • 694220
700 -Hasło dodatkowe - nazwa osobowa [1, ]
    • a
    • Nazwa osobowa (NP)
    • Gruber, Meredith Crellin. Find
    • e
    • Określenie rodzaju współpracy
    • Redakcja
    • 9
    • KHW
    • 694221
700 -Hasło dodatkowe - nazwa osobowa [1, ]
    • a
    • Nazwa osobowa (NP)
    • Jember, Gregory K. Find
    • e
    • Określenie rodzaju współpracy
    • Redakcja
    • 9
    • KHW
    • 694219
710 -Hasło dodatkowe - nazwa ciała zbiorowego [2, ]
    • a
    • Nazwa ciała zbiorowego lub nazwa geograficzna jako pierwszy element (NP)
    • Edwin Mellen Press.
    • e
    • Rodzaj współpracy
    • Wydawca
    • 4
    • Kod relacji
    • pbl
    • 9
    • KHW
    • 50788
920 -ISBN [ , ]
    • a
    • ISBN
    • 0-7734-7858-2 Find
Status udost. Sygnatura Numer inwentarzowy Data inwentaryzacji Lokalizacja
1ANG. Historia jęz. ang. 33A.73082005-11-08BM